header

Adverse effects of vaccines (Record no. 87745)

MARC details
000 -LEADER
fixed length control field 02056nam a2200373 a 4500
082 04 - DEWEY DECIMAL CLASSIFICATION NUMBER
Classification number 615.3/72
245 10 - TITLE STATEMENT
Title Adverse effects of vaccines
260 ## - PUBLICATION, DISTRIBUTION, ETC. (IMPRINT)
Place of publication Washington, D.C. :
Name of publisher National Academies Press,
Year of publication 2012.
300 ## - PHYSICAL DESCRIPTION
Number of Pages xxvii, 865 p. :
Other physical details col. ill.
500 ## - GENERAL NOTE
General note "Committee to Review Adverse Effects of Vaccines ; Board on Population Health and Public Health Practice."
505 0# - FORMATTED CONTENTS NOTE
Formatted contents note Approach -- Evaluating biological mechanisms of adverse events -- Measles, mumps, and rubella vaccine -- Varicella virus vaccine -- Influenza vaccine -- Hepatitis A vaccine -- Hepatitis B vaccine -- Human papillomavirus vaccine -- Diphtheria toxoid-, tetanus toxoid-, and acellular pertussis-containing vaccines -- Meningococcal vaccine -- Injection-related adverse events -- Concluding comments.
650 #0 - SUBJECT ADDED ENTRY--TOPICAL TERM
Topical Term Vaccination
Topical Term Bacterial diseases
Topical Term Virus diseases
700 1# - ADDED ENTRY--PERSONAL NAME
Personal name Stratton, Kathleen R.
856 40 - ELECTRONIC LOCATION AND ACCESS
Uniform Resource Identifier http://site.ebrary.com/lib/rucke/Doc?id=10557791

No items available.

© 2026 Rongo University
Contact us: librarian | system librarian | Rongo university